Cours de droit civil
Đã lưu trong:
| Hovedforfatter: | |
|---|---|
| Format: | Bog |
| Sprog: | Undetermined |
| Udgivet: |
Paris, Fre.
Montchrestien
2001
|
| Fag: | |
| Tags: |
Tilføj Tag
Ingen Tags, Vær først til at tagge denne postø!
|
| Thư viện lưu trữ: | Trung tâm Học liệu Trường Đại học Cần Thơ |
|---|
| LEADER | 00558nam a2200181Ia 4500 | ||
|---|---|---|---|
| 001 | CTU_61623 | ||
| 008 | 210402s9999 xx 000 0 und d | ||
| 082 | |a 346.44 | ||
| 082 | |b J91/T1-Vol.1 | ||
| 100 | |a Juglart, Michel de | ||
| 245 | 0 | |a Cours de droit civil | |
| 245 | 0 | |c Michel de Juglart, Alain Piedelièvre et Stéphane Piedelièvre | |
| 260 | |a Paris, Fre. | ||
| 260 | |b Montchrestien | ||
| 260 | |c 2001 | ||
| 650 | |a Domesstic relations,Civil law ( french law ) | ||
| 904 | |i Minh,Hải | ||
| 980 | |a Trung tâm Học liệu Trường Đại học Cần Thơ | ||